Rozvoj marketingových aktivít v podmienkach firmy : Diplomová práca

Enregistré dans:
Détails bibliographiques
Auteur principal: Mráziková, Renáta (Auteur)
Autres auteurs: Šalgovičová, Jarmila, 1950- (xxx)
Format: Manuscrit Livre
Langue:slovaque
Publié: Trnava : STU v Bratislave MtF KMK, 1998
Sujets:
Tags: Ajouter un tag
Pas de tags, Soyez le premier à ajouter un tag!

MARC

LEADER 00000ntm a22000003a 4500
001 stu57039
005 20160719155138.4
008 010222s1998----xo------------------slo-d
040 |a STU  |b slo 
041 0 |a slo 
044 |a xo 
100 1 |a Mráziková, Renáta  |4 aut 
245 1 |a Rozvoj marketingových aktivít v podmienkach firmy :  |b Diplomová práca 
260 |a Trnava :  |b STU v Bratislave MtF KMK,  |c 1998 
300 |a 81 s  |c výťah 
650 7 |a marketing  |2 estusub 
650 7 |a manažment priemyselných podnikov  |2 stusub 
700 1 |a Šalgovičová, Jarmila,  |d 1950-  |4 xxx  |u M4000  |U MTF Materiálovotechnologická fakulta  |T MTF Ústav priemyselného inžinierstva a manažmentu  |X 1492  |U M4000  |Y 84  |7 A000001492 
996 |b 284M023966  |c M*DP-651  |l MMSKP  |s P  |a 0  |w stu57039_0001